LIBRARY & INFORMATION CENTRE, KCAET, TAVANUR

ONLINE PUBLIC ACCESS CATALOGUE (OPAC)

Food technology (Record no. 14)

MARC details
000 -LEADER
fixed length control field 00626cam a2200253ua 4500
003 - CONTROL NUMBER IDENTIFIER
control field @
003 - CONTROL NUMBER IDENTIFIER
control field OSt
008 - FIXED-LENGTH DATA ELEMENTS--GENERAL INFORMATION
fixed length control field 260205b |||||||| |||| 00| 0 eng d
041 ## - LANGUAGE CODE
Language code of text/sound track or separate title eng
082 ## - DEWEY DECIMAL CLASSIFICATION NUMBER
Classification number 664
Item number PRE/FO
100 ## - MAIN ENTRY--AUTHOR NAME
Personal name Prescott, Samuel C .
245 00 - TITLE STATEMENT
Title Food technology
250 ## - EDITION STATEMENT
Edition statement 1 /
260 ## - PUBLICATION, DISTRIBUTION, ETC. (IMPRINT)
Place of publication New York :
Name of publisher Mc Graw Hill Book Company ,
Year of publication 1937.
300 ## - PHYSICAL DESCRIPTION
Number of Pages 630 ; .
650 ## - SUBJECT ADDED ENTRY--TOPICAL TERM
Topical Term cereals
650 ## - SUBJECT ADDED ENTRY--TOPICAL TERM
Topical Term corn products
650 ## - SUBJECT ADDED ENTRY--TOPICAL TERM
Topical Term fruits
650 ## - SUBJECT ADDED ENTRY--TOPICAL TERM
Topical Term vegetables
650 ## - SUBJECT ADDED ENTRY--TOPICAL TERM
Topical Term wheat and milling
700 1# - ADDED ENTRY--PERSONAL NAME
Personal name Proctor, Bernard E .
942 ## - ADDED ENTRY ELEMENTS (KOHA)
Koha item type Books
Holdings
Withdrawn status Lost status Damaged status Home library Current library Date acquired Full call number Accession Number Koha item type
Withdrawn     KAUAET KAUAET 07/04/2012 664 8049 Books
free website counter